<?xml version="1.0" encoding="UTF-8"?>
<record
    xmlns:xsi="http://www.w3.org/2001/XMLSchema-instance"
    xsi:schemaLocation="http://www.loc.gov/MARC21/slim http://www.loc.gov/standards/marcxml/schema/MARC21slim.xsd"
    xmlns="http://www.loc.gov/MARC21/slim">

  <leader>01760nas a2200277Ia 4500</leader>
  <controlfield tag="001">R232-R2160</controlfield>
  <controlfield tag="003">IT-CnALBA</controlfield>
  <controlfield tag="008">170116c99999999xx ||||||||||||   ||und||</controlfield>
  <datafield tag="040" ind1=" " ind2=" ">
    <subfield code="a">IT-CnALBA</subfield>
    <subfield code="c">IT-CnALBA</subfield>
  </datafield>
  <datafield tag="041" ind1=" " ind2=" ">
    <subfield code="a">ITALIANO</subfield>
  </datafield>
  <datafield tag="100" ind1=" " ind2=" ">
    <subfield code="a">GALOT JEAN, SJ.</subfield>
  </datafield>
  <datafield tag="210" ind1=" " ind2=" ">
    <subfield code="a">IL MESSAGGIO DEL CUORE DI GES&#xD9;</subfield>
  </datafield>
  <datafield tag="222" ind1=" " ind2=" ">
    <subfield code="a">IL MESSAGGIO DEL CUORE DI GES&#xD9;</subfield>
  </datafield>
  <datafield tag="245" ind1=" " ind2="0">
    <subfield code="a">IL MESSAGGIO DEL CUORE DI GES&#xD9;. N. IX. MAGGIO 1983. </subfield>
    <subfield code="b"> ORGANO UFFICIALE DELL'APOSTOLATO DELLA PREGHIERA</subfield>
  </datafield>
  <datafield tag="250" ind1=" " ind2=" ">
    <subfield code="a">1a ed.</subfield>
  </datafield>
  <datafield tag="260" ind1=" " ind2=" ">
    <subfield code="a"> ROMA</subfield>
    <subfield code="b">MESSAGGERO DEL SACRO CUORE </subfield>
    <subfield code="c">1983</subfield>
  </datafield>
  <datafield tag="300" ind1=" " ind2=" ">
    <subfield code="a">96 p. </subfield>
  </datafield>
  <datafield tag="310" ind1=" " ind2=" ">
    <subfield code="a">QUINDICINALE</subfield>
  </datafield>
  <datafield tag="362" ind1=" " ind2=" ">
    <subfield code="a">Fascicolo: 9 /  (1983)</subfield>
  </datafield>
  <datafield tag="500" ind1=" " ind2=" ">
    <subfield code="a">NORME PRATICHE PER IL GIUBILEO. MISSIONE DEL SACEDOTE, MANIFESTAZIONE DI CRISTO AGLI UOMINI. FAMIGLIA COMUNIT&#xC0; MISSIONARIA. LEONE GIOVANNI DEHON. CUORE DI GES&#xD9; RIFERIMENTO DEL PROGETTO FAMIGLIA. SPIRITUALIT&#xC0; DI MARIA. VITA DEI GRUPPI. CONGRESSO EUCARISTIICO DI MILANO. CONSIGLIO NAZIONALE DEI LAICI. PAROLA DI VITA, COMMENTO ALLE LETTURE DEL TEMPO FESTIVO. DONI DI CRISTO PER TUTTI. GIACHI G. ARU A. NARDELLI A. BETTAN G. GIOVANNI PAOLO II. </subfield>
  </datafield>
  <datafield tag="501" ind1=" " ind2=" ">
    <subfield code="a">Societ&#xE0; San Paolo EM - Piazza San Paolo, 14 - 12051 ALBA (CN)  (non commercial uses only) &#xAE; Copyright 2017</subfield>
  </datafield>
  <datafield tag="520" ind1=" " ind2=" ">
    <subfield code="a">NORME PRATICHE PER IL GIUBILEO. MISSIONE DEL SACEDOTE, MANIFESTAZIONE DI CRISTO AGLI UOMINI. FAMIGLIA COMUNIT&#xC0; MISSIONARIA. LEONE GIOVANNI DEHON. CUORE DI GES&#xD9; RIFERIMENTO DEL PROGETTO FAMIGLIA. SPIRITUALIT&#xC0; DI MARIA. VITA DEI GRUPPI. CONGRESSO EUCARISTIICO DI MILANO. CONSIGLIO NAZIONALE DEI LAICI. PAROLA DI VITA, COMMENTO ALLE LETTURE DEL TEMPO FESTIVO. DONI DI CRISTO PER TUTTI. GIACHI G. ARU A. NARDELLI A. BETTAN G. GIOVANNI PAOLO II. </subfield>
  </datafield>
  <datafield tag="650" ind1=" " ind2=" ">
    <subfield code="a">VITA E MISTERO DI CRISTO</subfield>
  </datafield>
  <datafield tag="942" ind1=" " ind2=" ">
    <subfield code="c">CR</subfield>
  </datafield>
  <datafield tag="957" ind1=" " ind2=" ">
    <subfield code="7">1</subfield>
  </datafield>
  <datafield tag="999" ind1=" " ind2=" ">
    <subfield code="a">12137</subfield>
    <subfield code="b">NO</subfield>
    <subfield code="g">1</subfield>
    <subfield code="c">320234</subfield>
    <subfield code="d">320234</subfield>
  </datafield>
  <datafield tag="952" ind1=" " ind2=" ">
    <subfield code="0">0</subfield>
    <subfield code="1">0</subfield>
    <subfield code="4">0</subfield>
    <subfield code="6">R_232R2160</subfield>
    <subfield code="7">1</subfield>
    <subfield code="a">ALBA</subfield>
    <subfield code="b">ALBA</subfield>
    <subfield code="d">2017-01-16</subfield>
    <subfield code="l">0</subfield>
    <subfield code="o">R232-R2160</subfield>
    <subfield code="r">2017-01-16 00:00:00</subfield>
    <subfield code="w">2017-01-16</subfield>
    <subfield code="y">CR</subfield>
    <subfield code="z">(data import: 16 gennaio 2017) - By Epidotti, Vaglietti. </subfield>
  </datafield>
</record>
